000 00281nam a22001337a 4500
008 180226b xxu||||| |||| 00| 0 eng d
020 _a0029326958
041 _aeng
080 _a37
100 _a25
101 _aEDU
245 _aThe academic dean
_cTucker,A
942 _2udc
_cBK
999 _c43483
_d43483